Psicología de la organización / (Record no. 20020)
[ view plain ]
| 000 -CABECERA | |
|---|---|
| campo de control de longitud fija | 00729nam a2200157 a 4500 |
| 001 - NÚMERO DE CONTROL | |
| campo de control | 000020516 |
| 005 - FECHA Y HORA DE LA ÚLTIMA TRANSACCIÓN | |
| campo de control | 20200930011125.0 |
| 008 - DATOS DE LONGITUD FIJA--INFORMACIÓN GENERAL | |
| campo de control de longitud fija | 100322s2004 cu 000 0 spa d |
| 040 ## - FUENTE DE LA CATALOGACIÓN | |
| Centro catalogador/agencia de origen | DO-SdBNP |
| Lengua de catalogación | spa |
| Centro/agencia transcriptor | BNPHU |
| 082 ## - NÚMERO DE LA CLASIFICACIÓN DECIMAL DEWEY | |
| Número de clasificación | xxxx |
| Número de documento/Ítem | xxx |
| 100 1# - ENTRADA PRINCIPAL--NOMBRE DE PERSONA | |
| Nombre de persona | Peiró Silla, José María |
| 9 (RLIN) | 43233 |
| 245 10 - MENCIÓN DE TÍTULO | |
| Título | Psicología de la organización / |
| Mención de responsabilidad, etc. | José María Peiró Silla. |
| 260 ## - PUBLICACIÓN, DISTRIBUCIÓN, ETC. | |
| Lugar de publicación, distribución, etc. | La Habana, Cuba : |
| Nombre del editor, distribuidor, etc. | Féliz Varela, |
| Fecha de publicación, distribución, etc. | 2004. |
| 300 ## - DESCRIPCIÓN FÍSICA | |
| Extensión | 394 p. ; |
| Dimensiones | 24 cm. |
| 500 ## - NOTA GENERAL | |
| Nota general | La presente reproducción se realiza en virtud de la licencia especial No. 22 de fecha 22 de junio 2004, otorgada por el Centro Nacional de Derecho de Autor, de conformidad con lo dispuesto en el artículo 37 de la Ley No 14 de Derecho de Autor de 28 de diciembre de 1977. |
| Estado de retiro | Estado de pérdida | Restricciones de uso | No para préstamo | Código de colección | Localización permanente | Ubicación/localización actual | Ubicación en estantería | Fecha de adquisición | Número de inventario | Total de préstamos | Signatura topográfica completa | Código de barras | Fecha visto por última vez | Precio válido a partir de | Tipo de ítem Koha |
|---|---|---|---|---|---|---|---|---|---|---|---|---|---|---|---|
| Excluido de préstamo | Monografías: Libros y Folletos | General | General | En catalogación | 04.10.2017 | LF1 | xxxx xxx | 20516-10 | 25.06.2020 | 25.06.2020 | No se presta |
